आज का समय / (Record no. 114892)
[ view plain ]
| 000 -LEADER | |
|---|---|
| fixed length control field | 01260nam a22002657a 4500 |
| 005 - DATE AND TIME OF LATEST TRANSACTION | |
| control field | 20170124103015.0 |
| 010 ## - LIBRARY OF CONGRESS CONTROL NUMBER | |
| LC control number | B-068983 |
| 020 ## - INTERNATIONAL STANDARD BOOK NUMBER | |
| Terms of availability | 100.00 |
| International Standard Book Number | 8126306998 |
| 035 ## - SYSTEM CONTROL NUMBER | |
| System control number | B-068983 |
| 037 ## - SOURCE OF ACQUISITION | |
| Source of stock number/acquisition | Cen Lib/Ret |
| 040 ## - CATALOGING SOURCE | |
| Original cataloging agency | DPL |
| Language of cataloging | HN |
| 082 ## - DEWEY DECIMAL CLASSIFICATION NUMBER | |
| Classification number | क |
| Item number | गंगोपा |
| 100 ## - MAIN ENTRY--PERSONAL NAME | |
| Personal name | गंगोपाध्याय, सुनील |
| 9 (RLIN) | 9382 |
| 245 ## - TITLE STATEMENT | |
| Title | आज का समय / |
| Statement of responsibility, etc | सुनील गंगोपाध्याय ; अनुवादक इन्दिरा चटर्जी |
| 246 ## - VARYING FORM OF TITLE | |
| Title proper/short title | Aaj ka samay / |
| Remainder of title | by Sunil Gangopadhayaya ; anuvadak Indira Chatterjee |
| 260 ## - PUBLICATION, DISTRIBUTION, ETC. (IMPRINT) | |
| Place of publication, distribution, etc | नयी दिल्ली |
| Name of publisher, distributor, etc | भारतीय ज्ञानपीठ |
| Date of publication, distribution, etc | 2002 |
| 270 ## - ADDRESS | |
| Address | 18, इंस्टीट्यूशनल एरिया, लोधी रोड |
| City | नयी दिल्ली |
| Postal code | 110003 |
| 300 ## - PHYSICAL DESCRIPTION | |
| Extent | 151पृ. |
| Dimensions | 20सेमी (सजिल्द ) |
| 650 ## - SUBJECT ADDED ENTRY--TOPICAL TERM | |
| Topical term or geographic name as entry element | हिंदी साहित्य |
| General subdivision | |
| Geographic subdivision | |
| 9 (RLIN) | 58853 |
| 650 ## - SUBJECT ADDED ENTRY--TOPICAL TERM | |
| Topical term or geographic name as entry element | हिंदी साहित्य--लघु कथाएँ |
| 9 (RLIN) | 58854 |
| 650 ## - SUBJECT ADDED ENTRY--TOPICAL TERM | |
| Topical term or geographic name as entry element | Hindi literature |
| Form subdivision | |
| 9 (RLIN) | 58855 |
| 650 ## - SUBJECT ADDED ENTRY--TOPICAL TERM | |
| Topical term or geographic name as entry element | Hindi literature--Short Stories |
| 9 (RLIN) | 58856 |
| 700 ## - ADDED ENTRY--PERSONAL NAME | |
| Personal name | चटर्जी, इन्दिरा |
| 9 (RLIN) | 58857 |
| 942 ## - ADDED ENTRY ELEMENTS (KOHA) | |
| Source of classification or shelving scheme | Dewey Decimal Classification |
| Koha item type | Hindi Books |
| Classification part | क |
| Call number suffix | गंगोपा |
| Withdrawn status | Lost status | Damaged status | Not for loan | Home library | Current library | Date acquired | Source of acquisition | Cost, normal purchase price | Total Checkouts | Full call number | Barcode | Date last seen | Copy number | Cost, replacement price | Price effective from | Koha item type | Source of classification or shelving scheme | Collection code | Total Renewals | Date checked out |
|---|---|---|---|---|---|---|---|---|---|---|---|---|---|---|---|---|---|---|---|---|
| Withdrawn | Central Library | Central Library | 18/08/2015 | Cen Lib/Ret | 100.00 | क गंगोपा | B-068983 | 18/08/2015 | 1 | 100.00 | 18/08/2015 | Hindi Books | ||||||||
| Sarojini Nagar | Sarojini Nagar | 18/10/2021 | 1 | क गंगोपा | B-078490 | 30/12/2025 | 18/10/2021 | Hindi Books | Dewey Decimal Classification | Non-fiction | 2 | 25/11/2025 |
